000 00754cam a2200229 a 4500
001 000018285
005 20200929165434.0
008 900223s1953 nyu 000 1 eng d
040 _aDO-SdBNP
_beng
_cLC
_dBNPHU
050 0 0 _aPZ3.C551205
_bEx
_aPR6005.L36
082 _ann*
_bC597e
100 1 _aClarke, Arthur C.
_q(Arthur Charles),
_d1917-2008.
_939594
245 1 0 _aExpedition to earth :
_beleven science-fiction stories /
_cArthur C. Clarke.
260 _aNew York :
_bBallantine Books,
_c1953.
300 _a165 p. ;
_c18 cm.
490 1 _aBallantine Books,
_v52
490 0 _aBallantine ;
_v32824
650 0 _aScience fiction, english.
_939595
830 0 _aBallantine Books,
_v52
_939596
910 _aCatalogación por copia / LC
049 _aBNGR
999 _c17806
_d17806